| 000 | 00457nam a2200133Ia 4500 | ||
|---|---|---|---|
| 008 | 231129s2010||||xx |||||||||||||| ||spa|| | ||
| 020 | _a978-958-99345-5-5 | ||
| 040 | _bspa | ||
| 082 | _aCo860.4 P764 | ||
| 245 | 0 | _aLa polémica interminable: Selección de textos sobre tierra de promisión de Jose Eustasio Rivera | |
| 260 | _c2010 | ||
| 264 | _aGobernación del Huila. Secretaria de Cultura y Turismo | ||
| 942 |
_2ddc _cBKS |
||
| 999 |
_c17961 _d17961 |
||